| 000 | 00511nam a22002057a 4500 | ||
|---|---|---|---|
| 003 | OSt | ||
| 005 | 20140310182830.0 | ||
| 008 | 130603t xxu||||| |||| 00| 0 eng d | ||
| 020 | _a1564143317 | ||
| 050 |
_aAP 2 _b.T761 1997 |
||
| 082 |
_aM 808.882 _b T67 1997 |
||
| 245 |
_aThe Peak Performances Woman _cTracy, Brian |
||
| 260 |
_aNew Jersey _bCareer Press _cc1997 |
||
| 300 | _a123 p. | ||
| 521 | _acollege students | ||
| 526 | _c1210L-1700L | ||
| 541 | _j1 | ||
| 562 | _e1 | ||
| 942 |
_2lcc _cBK _kM |
||
| 999 |
_c16612 _d16612 |
||